|
|
|
|
| LEADER |
01893cas a2200313 a 4500 |
| 001 |
AALejournalIMF002201 |
| 008 |
230101c9999 xx r poo 0 0eng d |
| 020 |
|
|
|c 5.00 USD
|
| 020 |
|
|
|z 9781451813449
|
| 022 |
|
|
|a 1934-7685
|
| 040 |
|
|
|a BD-DhAAL
|c BD-DhAAL
|
| 110 |
2 |
|
|a International Monetary Fund.
|
| 245 |
1 |
0 |
|a France :
|b Report on the Observance of Standards and Codes-Monetary and Financial Policies Transparency and Fiscal Transparency-Updates.
|
| 264 |
|
1 |
|a Washington, D.C. :
|b International Monetary Fund,
|c 2002.
|
| 300 |
|
|
|a 1 online resource (4 pages)
|
| 490 |
1 |
|
|a IMF Staff Country Reports
|
| 500 |
|
|
|a <strong>Off-Campus Access:</strong> No User ID or Password Required
|
| 500 |
|
|
|a <strong>On-Campus Access:</strong> No User ID or Password Required
|
| 506 |
|
|
|a Electronic access restricted to authorized BRAC University faculty, staff and students
|
| 520 |
3 |
|
|a This report evaluates the Observance of Standards and Codes on Monetary and Financial Policies Transparency and Fiscal Transparency for France. Up to mid-2001, different rules were applied to insurance firms regulated by the Insurance Code and to establishments regulated by the Code de la Mutualite. Moving toward the consolidation of these rules, a new Code de la Mutualite was ratified by Parliament in July 2001. Now, prudential rules concerning authorizations for new entrants in the insurance business, technical provision, and solvency margins are the same for all companies in the sector.
|
| 538 |
|
|
|a Mode of access: Internet
|
| 650 |
|
7 |
|a Code De La Mutualite
|2 imf
|
| 650 |
|
7 |
|a CR
|2 imf
|
| 650 |
|
7 |
|a ISCR
|2 imf
|
| 650 |
|
7 |
|a Mutualite
|2 imf
|
| 650 |
|
7 |
|a SC
|2 imf
|
| 651 |
|
7 |
|a France
|2 imf
|
| 830 |
|
0 |
|a IMF Staff Country Reports; Country Report ;
|v No. 2002/248
|
| 856 |
4 |
0 |
|z Full text available on IMF
|u http://elibrary.imf.org/view/journals/002/2002/248/002.2002.issue-248-en.xml
|z IMF e-Library
|